00513nam a22001937a 4500003000400000005001700004008004100021020001800062040001100080050001800091100001800109245001500127260004500142300002300187490001700210500005800227600001700285856001700302OSt20250424205112.0250424b |||||||| |||| 00| 0 eng d a9780333725887 cLondon aKD1439 b1998 aBlankett, Tom aTrademarks aLondon ;bMacmillan Press Limitedcc1998 axiv, 130pp ;c24cm 3Law of Trade aIncludes Trademark form, bibliography, index, tables  2Law of Trade 3Law of Trade